000
00339nam a2200145Ia 4500
008
230718s9999 xx 000 0 und d
041
_a
Eng.
082
_a
700
_b
QUR-M
100
_a
Qurashi Altaf Hussain
245
0
_a
Mulaqaty Kya kya
260
_a
Pakistan
_b
Jamhori Publications
_c
2016
300
_a
506
650
_a
Law
999
_c
31585
_d
31585